| 000 | 00773nam a2200241 i 4500 | ||
|---|---|---|---|
| 001 | 82210 | ||
| 003 | ES-MaACL | ||
| 005 | 20240118063003.0 | ||
| 007 | t| | ||
| 008 | 041201s1985 sp ||||1| spa d | ||
| 020 | _a84-206-2434-9 | ||
| 080 | _a1(4)"17" | ||
| 100 | 1 |
_aHazard, Paul, _d1878-1944 _962229 |
|
| 245 | 1 | 3 |
_aEl pensamiento europeo en el siglo XVIII / _cPaul Hazard ; versión española de Julián Marías. |
| 260 |
_aMadrid : _bAlianza Editorial, _c1985. |
||
| 300 |
_a406 p. ; _c20 cm. |
||
| 490 | 1 | _aAlianza universidad | |
| 650 | 1 | 4 |
_aFilosofía- _zEuropa- _yS.XVIII. _912811 |
| 700 | 1 |
_aMarías, Julián, _d1914-2005 _976688 |
|
| 830 | 0 |
_aAlianza universidad _9177276 |
|
| 852 |
_aES-MaACL _jE-10539 _bR.134677 |
||
| 999 |
_c82210 _d82210 |
||